00797nam a2200217Ia 4500003000900000005001700009008004100026040003100067040001300098041000800111100004300119245005500162250000600217260003800223300001800261500002000279520015100299942001200450999001700462952010000479IT-RoPAU20220918175650.0120407s9999 xx 000 0 und d aIT-RoPAUc20140510111015.0 cIT-RoPAU aita aPie Discepole del Divin Maestro924410 aCostituzioni delle Pie Discepole del Divin Maestro a  c1947aRomabCasa Generalizia PDDM a105 p.c21 cm aUso mansocritto aIndice Parte prima - Fine e membri della Congregazione Parte seconda - Vita e opere della Congregazione Parte terza - Governo della Congregazione cBK2ddc c24170d24170 00102ddc406P_D571aPAULUSbPAULUSd2012-04-11l0oP D5r2012-04-11 00:00:00w2012-04-11yBK